Países por una sola Pista #9 - Estadísticas

Estadísticas generales
  • Esta prueba ha sido intentada 3.229 veces
  • La puntuación promedio es 11 de 20
Estadísticas de respuestas
Pista País % Correcto
País más septentrional en África Túnez
80%
Tiene el PIB per cápita más alto en el hemisferio del sur Australia
77%
Lugar donde se encuentra el desierto del Atacama Chile
77%
Su capital es Vilna Lituania
77%
País más meridional en América Central Panamá
74%
País más grande sin acceso al mar en el hemisferio occidental Bolivia
61%
Sus emperadores eran enterrados en trajes de jade China
57%
La mayoría del área está en el delta del Ganges Bangladés
55%
País con el mayor número de católicos que cualquier país en Europa oriental Polonia
55%
Tiene la constitución más vieja todavía en uso Estados Unidos
53%
Tiene una región autónoma kurdo con su propio parlamento Irak
49%
Hasta 1480, era posible caminar desde este país hasta India Sri Lanka
48%
El otro país con mayoría hindú además de India Nepal
46%
País más educado en el Medio Oriente Israel
45%
Piratas de este país inspiró la película "Capitán Phillips" Somalia
44%
Melania Trump nació en este pequeño país alpino Eslovenia
40%
Recibe un volumen total de precipitación más alto que cualquier otro país Brasil
34%
Donde se encuentran los río Shannon y Liffey Irlanda
33%
El pueblo romaní (gitano) vinieron originalmente de este país India
27%
Dirigido por el rey Abdalá II, que a veces es considerado como un dictador Jordania
23%
No se encontraron pruebas coincidentes
Distribución de puntuación
Porcentaje de gente con cada puntuación
Porcentaje por número respondido
Historial de tus puntuaciones
No has intentado esta prueba.